[Event "Hoogovens"]
[Site "Wijk aan Zee"]
[Date "1997.01.27"]
[Round "8"]
[White "Kortschnoj, Viktor Lvovich"]
[Black "Piket, Jeroen"]
[Result "1/2-1/2"]
[WhiteElo "2635"]
[BlackElo "2640"]
[Annotator "Ribli,Z"]
[PlyCount "94"]
[EventDate "1997.01.18"]
[EventType "tourn"]
[EventRounds "13"]
[EventCountry "NED"]
[EventCategory "16"]
[SourceTitle "CBM 057"]
[Source "ChessBase"]
[SourceDate "1997.04.01"]
[SourceVersion "1"]
[SourceVersionDate "1997.04.01"]
[SourceQuality "1"]

1. c4 e5 2. Nc3 Nc6 3. Nf3 Nf6 4. d4 exd4 5. Nxd4 Bb4 6. Bg5 h6 7. Bh4 Bxc3+ 8.
bxc3 O-O $5 $146 {Das ist ein selten ausprobierter Zug, mir scheint er aber
durchaus vernünftig. Schwarz sichert zunächst seinen König und wird später
aktiv.Ribli.} 9. e3 Re8 10. Be2 d6 (10... Ne5 $5) 11. Nxc6 bxc6 12. Bf3 Bd7 13.
c5 $1 $14 d5 (13... dxc5 14. Qa4 Re6 15. O-O $44 {Schwarz hat einen Mehrbauern,
aber in "Wirklichkeit" hat er einen Bauern weniger, da sein Trippelbauer keine
Rolle spielt.Ribli.}) 14. O-O Bf5 15. c4 g5 {Dieser Zug schwächt die schwarze
Königsstellung, andererseits muß er diese unangenehme Feßlung aufheben.
Aufgrund des Zuges g7-g5 hat Schwarz immer Probleme mit seinem König.Ribli.}
16. Bg3 Re6 17. cxd5 cxd5 (17... Nxd5 18. Qd4) 18. h3 Qd7 19. Qd4 Rae8 $6 (
19... Be4) (19... c6) 20. c6 {Durch dieses Bauernopfer bekommt Weiß starke
Initiative. Die ganze Partie hindurch hat der Nachziehende Probleme auf den
schwarzen Feldern.Ribli.} Rxc6 21. Rac1 $1 (21. Qxa7 Rc4) 21... a6 22. Rxc6
Qxc6 23. Bxc7 Be4 (23... Qxc7 24. Qxf6 {Das wäre eine Katastrophe für Schwarz,
es hängt alles.Ribli.}) 24. Bh2 (24. Bg3 $5) 24... Nd7 25. Rd1 Nb6 26. Bg3 Bxf3
27. gxf3 $16 {Weiß steht in dieser Stellung klar besser, da der schwarze
Springer keinen guten Stützpunkt findet und die schwarze Königsstellung
"krank" ist. Weiß hat einen Doppelbauern auf der f-Linie, aber das ist kein
Nachteil, weil er immer f3-f4 ziehen kann.Ribli.} Re6 28. Rb1 a5 29. Kh2 a4 30.
f4 gxf4 31. Bxf4 Rg6 32. Bg3 Kh7 33. Rb4 Qf6 34. Qd3 Qc6 35. h4 Kg8 36. Qd4 h5
37. Qe5 Nd7 38. Qxh5 Qc2 39. Qxd5 $6 (39. Rb7 Nf8 (39... Qc6 40. Be5 $1 (40.
Rc7 $6 Qe6 41. Rc8+ Nf8 42. Be5 Rh6 43. Qg5+ Rg6 (43... Qg6 $2 44. Rxf8+ Kxf8
45. Qd8#) 44. Rxf8+ Kxf8 45. Qd8+ Qe8) 40... Nxe5 41. Rb8+ Kg7 42. Qh8#) 40.
Qf3 Rg7 41. Be5 Rh7 42. Rb4 $18) 39... Nf6 40. Qf3 (40. Qa8+ Kh7 41. Qxa4 Qe2
$44) 40... Qxa2 41. h5 Rh6 42. Rb8+ Kg7 43. Bh4 (43. Be5 Rxh5+ 44. Qxh5 Qxf2+
45. Kh3 Qf1+ $11) (43. Rb5 $5) 43... Qe6 44. Qg3+ (44. Bxf6+ Rxf6 (44... Qxf6
45. Qxf6+ (45. Qg3+ Qg6 $1) 45... Rxf6 $14) 45. Qg3+ Kh7 46. Qg8+ (46. Rg8
Rxf2+) (46. f4 $5 Qa2+ (46... Qf5 47. Qg8+ Kh6 48. Qh8+ Qh7 49. Qxf6+ $18) 47.
Kh3 Qe6+ 48. Kh4) 46... Kh6 47. Qh8+ Kg5 48. Qg7+ Kxh5 49. Rh8+ Rh6 50. Rxh6+
Qxh6 51. Qxf7+) 44... Ng4+ $11 {Weiß hat noch Materialvorteil, aber sein Känig
ist auch schwach, so muß er sich mit der Punkteteilung zufrieden geben. Ribli.}
(44... Kh7 $2 45. Bxf6 Rxh5+ 46. Bh4) 45. Kg1 (45. Kh3 Rg6 $1 46. hxg6 (46. Kg2
Nxe3+) (46. Rb6 Nxf2+ $1 47. Kh2 Rxg3 48. Rxe6 Rh3+) 46... Nxe3+ 47. Kh2 Nf1+
$19) 45... Kh7 46. Rb4 Ne5 47. Rb8 Ng4 1/2-1/2

[Event "GER-ch 74th"]
[Site "Saarbruecken"]
[Date "2002.11.30"]
[Round "9"]
[White "Bischoff, Klaus"]
[Black "Kalinitschew, Sergey"]
[Result "1/2-1/2"]
[WhiteElo "2554"]
[BlackElo "2485"]
[Annotator "Ribli,Z"]
[PlyCount "52"]
[EventDate "2002.11.22"]
[EventType "swiss"]
[EventRounds "9"]
[EventCountry "GER"]
[SourceTitle "CBM 093"]
[Source "ChessBase"]
[SourceDate "2003.04.01"]
[SourceVersion "1"]
[SourceVersionDate "2003.04.01"]
[SourceQuality "1"]

1. c4 e5 2. Nc3 Nf6 3. Nf3 Nc6 4. d3 {Eine genügsame Fortsetzung, die Weiß
keinerlei Aussichten auf einen Eröffnungsvorteil bietet. Die Alternativen sind
4.d4, 4.e3, 4.e4, 4.a3 und hauptsächtlich 4.g3.} Bb4 5. Bd2 O-O (5... Qe7 $5)
6. e3 (6. g3 Re8 7. Bg2 Bxc3 8. Bxc3 d5 9. cxd5 Nxd5 $11) 6... Re8 7. Be2 Bxc3
(7... a5 8. O-O (8. Qc2 d5 9. cxd5 Nxd5 10. a3 Nxc3 11. Bxc3 Bxc3+ 12. bxc3 a4
13. O-O Be6 14. Nd2 Na5 15. c4 Qd7 16. Rab1 b6 17. Rb5 f6 18. Rd1 Red8 19. Ne4
Nb3 20. Nc3 Ra5 {1/2-1/2 Bischoff,K-Tukmakov,V/Dortmund 1987/CBM 02 (20)}) 8...
d6 9. h3 h6 10. Rc1 e4 11. Ne1 exd3 12. Nxd3 Bf5 13. Nf4 Ne5 14. Ncd5 Bxd2 15.
Nxf6+ Qxf6 16. Qxd2 {1/2-1/2 Bischoff,K-Meins,G/Bad Zwischenahn 2002/EXT 2003 
(58)}) 8. Bxc3 d5 (8... e4 9. dxe4 Nxe4 10. Rc1 b6 $11) 9. cxd5 Nxd5 (9... Qxd5
$5 10. O-O Bg4 11. Qa4 Rad8 12. Rfd1 Qd7 13. Qb3 Qc8 14. Rac1 Nd5 15. Be1 $13 {
1-0 Polugaevsky,L-Ogaard,L/Manila 1975/EXT 99 (35)}) 10. O-O (10. Qd2 Qe7 11.
O-O Bf5 12. a3 a5 13. b3 Rad8 14. Bb2 e4 15. Ne1 exd3 16. Bxd3 Bxd3 17. Nxd3 f6
18. Rfd1 Rd6 19. Qc2 Qe4 $13 {1-0 Renet,O-Brenninkmeijer,J/Groningen 1992/EXT
97 (56)}) 10... Nxc3 {Mit diesem Zug verstärkt Schwarz nur das gegnerische
Bauernzentrum. Nach meiner Meinung wäre es besser die Spannung in der Stellung
zu behalten.} (10... a5 11. Nd2 b6 12. a3 Bb7 13. Qc2 Nd4 14. Bxd4 exd4 15. e4
Nf4 16. Bf3 a4 17. g3 Ng6 18. Bg2 Ne5 19. Nc4 Nxc4 20. Qxc4 c5 21. f4 Qd7 {
1/2-1/2 Schlosser,P-Gavrikov,V/Baden-Baden 1995/EXT 97 (60)}) (10... b6 11. Rc1
Bb7 12. Qa4 Re6 13. Rfd1 Nxc3 14. Rxc3 Ne7 15. d4 exd4 16. Rxd4 Nd5 17. Rc1 Rd6
18. Rcd1 {1-0 Henrichs,T-Zaitsev,M/GER 1996/EXT 2002 (48)}) (10... Bf5 11. e4
Nxc3 12. bxc3 Bg4 13. Ne1 Be6 14. Nc2 Qg5 15. Ne3 Rad8 16. Qa4 Rd6 17. Rfd1
Red8 18. Rd2 g6 19. Rad1 {1/2-1/2 Bischoff,K-Schwing,H/St Ingbert 1998/EXT
2002 (19)}) (10... Qd6 11. Bd2 Bg4 12. a3 a5 13. Qa4 Bd7 14. Qc2 h6 15. b3 Nf6
16. Rfd1 Bf5 17. Bc3 Rad8 18. Qb2 Nd5 19. Be1 Bg6 20. Nd2 Qe7 21. Rac1 f5 22.
Nf3 f4 23. e4 {1/2-1/2 Cvek,R-Stocek,J/Pardubice 2000/EXT 2001 (23)}) 11. bxc3
b6 (11... Bf5 12. d4 $11) 12. Qc2 Bb7 $11 {Schwarz hat eine bequeme, gleiche
Stellung.} 13. Rfd1 Qf6 (13... Na5 14. d4 e4 15. Ne5 $14) (13... Qe7 $11) 14.
Nd2 Qg6 15. e4 $5 {[%cal Gd2c4,Gc4e3,Ge3d5,Ge3f5] Mit diesem Zug schließt Weiß
die Diagonale des Bb7 und bereitet das Springermanöver Nc4-Ne3 vor.} (15. Bf3
Na5 $11) 15... Rad8 16. Nc4 f5 $6 {Mit dieser Fortsetzung möchte Schwarz
angreifen, aber er schwächt dabei auch seine Stellung.} (16... Bc8 17. Ne3 Be6
18. Qa4 Rd6 19. d4 Bd7 $11) 17. exf5 Qxf5 18. Bf3 $14 {[%csl Gf3][%cal Gf3b7]
Der f3B steht aktiv auf der großen Diagonalen - jetzt lautet die positionelle
Drohung Be4 und Ne3, obwohl Schwarz bei genauer Verteidigung ausgleichen
können sollte.} (18. Ne3 Qg5 19. Bf3 $2 Nd4 $1 20. cxd4 Bxf3 $17) 18... Nb4 $2
{[%mdl 8256] Dieses Springeropfer ist schön, aber verfehlt! Zwar erhält
Schwarz einige Angriffschancen am Königsflügel, aber dagegen kann Weiß sich
leicht verteidigen.} (18... Re6 $2 19. Ne3 Qg6 20. Be4 $18) (18... Rf8 $1 19.
Rab1 (19. Be4 Qe6 20. Ne3 Na5 $11) 19... Qe6 $5 {[%csl Gc6][%cal Yb7a6]} 20.
Be4 Rf6 21. Ne3 Na5 22. Bxb7 Nxb7 23. f3 Nc5 $11) 19. cxb4 Bxf3 20. gxf3 Re6 {
[%cal Ge6g6,Gg6g1]} (20... Qxf3 21. Nd2 Qg4+ 22. Kh1 $16) 21. Nd2 $16 {Die
weiße Bauernstruktur ist schlecht, aber er hat eine Figur mehr.} Rg6+ 22. Kf1 (
22. Kh1 $16) 22... Rxd3 23. Rac1 Rgd6 $6 (23... c6 $16) 24. Ne4 $18 Qxf3 25.
Nxd6 $4 {[%mdl 8192]} (25. Rxd3 Rxd3 26. Qc4+ Kf8 (26... Kh8 27. Ng5) 27. Ng5
$18) (25. Qc4+ Kf8 (25... Kh8 26. Rxd3 $18) 26. Rxd3 $18) 25... Qh1+ $11 26.
Ke2 Qf3+ {Und Remis mit ewigem Schach.} 1/2-1/2

[Event "Tan Chin Nam Cup 3rd "]
[Site "Beijing"]
[Date "1997.08.18"]
[Round "9"]
[White "Atalik, Suat"]
[Black "Tiviakov, Sergei"]
[Result "0-1"]
[WhiteElo "2590"]
[BlackElo "2590"]
[Annotator "Ribli,Z"]
[PlyCount "92"]
[EventDate "1997.08.11"]
[EventType "tourn"]
[EventRounds "11"]
[EventCountry "CHN"]
[EventCategory "12"]
[SourceTitle "CBM 061"]
[Source "ChessBase"]
[SourceDate "1997.11.23"]
[SourceVersion "1"]
[SourceVersionDate "1997.11.23"]
[SourceQuality "1"]

1. c4 e5 2. Nc3 Nf6 3. Nf3 Nc6 4. d4 e4 {Eine seltene Fortsetzung. Üblicher
ist 4...exd4 5.Nxd4 Bb4.Ribli.} 5. Ng5 (5. Nd2 Nxd4 (5... Bb4 6. e3 O-O 7. Be2
d6 8. O-O Bf5 9. Nd5 Nxd5 10. cxd5 Ne7 11. Qb3 Ba5 12. Nc4 Bb6 {Gerstenfeld,
E-Ragozin,V/URS-ch12 Moscow 1940/1/2-1/2 (41)}) 6. Ndxe4 Nxe4 7. Qxd4 Nxc3 8.
Qxc3 d5 9. e3 Be6 10. Be2 dxc4 11. Bxc4 Bxc4 12. Qxc4 c6 {Hausner,I-Zier,L/
Vienna op 1986/1/2-1/2 (47)}) (5. Ne5 $5 Bb4 (5... h6 6. e3 d6 7. Nxc6 bxc6 8.
Qc2 Qe7 9. Be2 Bf5 10. b4 Qd7 11. d5 c5 12. Ba3 cxb4 13. Bxb4 Rb8 14. Rb1 c5
15. Ba5 Rxb1+ 16. Qxb1 $14 {1-0 Hansen,L-Schandorff,L/DEN-ch 1992 (24)}) 6. Bg5
h6 7. Bh4 Qe7 8. Nxc6 bxc6 9. e3 O-O (9... d6 10. Be2 O-O 11. O-O Bxc3 12. bxc3
Bd7 13. Rb1 Qe6 14. Bxf6 Qxf6 15. Bg4 $14 {1-0 Cruz,F-Sierra,M/PER-ch 1994 (29)
}) 10. Be2 d5 11. O-O g5 12. Bg3 Bd6 13. Rc1 Bd7 14. Bxd6 cxd6 15. cxd5 cxd5
16. b4 Rab8 17. Qb3 Be6 18. a4 Qb7 19. b5 {McCambridge,V-Denker,A/Lone Pine op
1979/1-0 (68)}) 5... h6 (5... Bb4 6. g3 (6. Qb3 $2 Nxd4 $17) (6. Bd2 Nxd4 7.
Ngxe4 Nxe4 8. Nxe4 Bxd2+ (8... Qe7 $11) 9. Qxd2 Ne6 $11) (6. e3 Bxc3+ 7. bxc3
h6 {Das führt zur Partifortsetzung.Ribli.}) 6... d5 7. a3 Bxc3+ 8. bxc3 O-O 9.
Bg2 h6 10. cxd5 Qxd5 11. Nh3 Bf5 12. Nf4 Qd7 13. h4 Na5 14. a4 Rfe8 15. h5 Rad8
16. O-O c5 17. Be3 c4 18. Rb1 Nb3 {Christiansen,L-Lobron,E/BL9596 1996/BL 90/
0-1 (82)}) 6. Nh3 (6. Ngxe4 Nxe4 7. Nxe4 Qh4 {Die Pointe des Bauernopfers.
Ribli.} 8. Nc3 Qxd4 9. Qxd4 (9. e3 Qxd1+ 10. Kxd1 $11 Be7 11. Nd5 Bd8 12. b3 d6
13. Bb2 O-O 14. Bd3 a5 {1/2-1/2 Zapata,A-Morovic Fernandez,I/Tunis izt 1985/IZT
}) 9... Nxd4 10. Kd1 b6 11. Nd5 Ne6 12. b3 {1/2-1/2 Pytlakowski,A-Gawlikowski,
S/POL-ch 1955/MCL 03 (25)}) (6. d5 Na5 7. Ngxe4 Nxc4 8. Qd4 Nb6 9. Qe5+ Qe7 10.
Nxf6+ gxf6 11. Qxc7 Qb4 12. a3 Nxd5 13. Qxc8+ Rxc8 14. axb4 Bxb4 15. Bd2 Nxc3
16. bxc3 $1 $18 (16. Bxc3 $4 Rxc3 {0-1 Koval,D-Mihalik,M/SVK-ch 1993/TD 93\10 
(27)})) 6... Bb4 7. e3 (7. d5 Bxc3+ 8. bxc3 Ne5 9. Qd4 d6 {[%csl Rh3]}) 7...
Bxc3+ 8. bxc3 d6 9. Nf4 $11 {[%csl Gf4] Weiß hat das Läuferpaar und einen
guten Stützpunkt für den Springer auf f4. Auf der anderen Seite ist sein
Doppelbauer schwach und die schwarzen Figuren sind gut entwickelt.Ribli.} (9.
g3 Bg4 {[%csl Rf3]}) 9... O-O 10. Be2 Re8 11. h4 (11. O-O $11 g5 $6 12. Nh5
Nxh5 13. Bxh5 $14) 11... Ne7 12. a4 Ng6 13. h5 $5 (13. Nxg6 fxg6 14. Rb1 $5)
13... Nf8 (13... Nxf4 14. exf4 $14 {Und Weiß hat einen klaren Plan - Be3, Qd2
und eventuell g4-g5.}) 14. a5 Ne6 $1 {[%cal Ge6g5] Auf den ersten Blick möchte
man sagen, daß Schwarz zwei Tempi verloren hat. Aber andererseits sind die
Züge 12.a4 13.h5 und 14.a5 nicht so gefährlich für Schwarz, und - der große
Unterschied - jetzt droht 15...Ng5 mit kompliziertem Spiel.Ribli.} 15. Nxe6
Bxe6 16. f4 (16. O-O Qd7 17. Ra2 Bg4 {[%csl Rh5]}) 16... Qd7 {Schwarz
verhindert den Vorstoß 17.g4.Ribli.} (16... exf3 17. gxf3 $13 {Weiß hat ein
starkes Bauernzentrum und kann später zu gefährlichem Spiel auf der offenen
g-Linie kommen.}) 17. Rh4 {Jetzt muß Weiß sich gegen 17...Bg4 verteidigen.
Ribli.} (17. Ba3 Bg4 18. Bxg4 Nxg4 19. Rh4 f5 $15 {[%csl Gg4]}) 17... Qe7 {
[%csl Rh4]} 18. Rh2 Qd7 19. Rh4 Qe7 20. Bd2 $6 {Es wäre meines Erachtens
besser, die Züge zu wiederholen und auf Remis zu spielen.Ribli.} Nh7 21. Rh1 f5
$15 {Jetzt hat Weiß nichts mehr am Königsflügel, und Schwarz kann sein Spiel
am Damenflügel beginnen.Ribli.} 22. Qb3 Rab8 23. Bc1 {In dieser geschlossenen
Stellung ist das weiße Läuferpaar nicht so gut.} Nf6 24. Ba3 b6 25. axb6 axb6 {
[%csl Rc3,Rc4]} 26. d5 {Weiss kommt um diesen Zug nicht herum, sonst kann
Schwarz 17...b5 oder 17...d5 ziehen.Ribli.} Bf7 {[%csl Rh5]} 27. Kf2 Ra8 {
Weiß hat kein Spiel. Die ganze Stellung erinnert mich an die 5.Matchpartie
Fischer-Spassky,1972.Ribli.} 28. c5 bxc5 29. c4 {[%cal Ga3b2,Gb2h8] Weiß hat
einen Bauern für Aktivität auf der Diagonale a1-h8 geopfert,.Ribli.} Reb8 30.
Qc3 Ra6 31. Bb2 {[%cal Gb2h8] Die weiße Batterie ist nur scheinbar gefährlich.
In Wirklichkeit gibt es nichts Konkretes auf dieser Diagonale.} Rab6 32. Ra2 (
32. Rab1 {[%csl Rb1][%cal Gb8b1]} Rb3 $15) 32... Rb3 33. Qc1 Be8 {Der schwarze
Läufer strebt nach d7, von wo er das spätere c7-c6 unterstützen kann.Ribli.}
34. Qa1 Bd7 35. Bc3 (35. Bxf6 Qxf6 36. Qxf6 gxf6 37. Ra7 R8b7 38. Rha1 c6 $15)
35... Ne8 36. Ra7 Qd8 {In der schwarzen Stellung ist alles verteidigt. Früher
oder später droht c7-c6 mit Spiel am Damenflügel.Ribli.} 37. Qa5 Rb1 $17 38.
Rh3 (38. Rxb1 Rxb1 39. Ra8 Qh4+ $19) 38... Rc1 {[%csl Rh3] Das Eindringen der
schwarzen Türme entscheidet die Partie.} 39. Qa3 Rc2 $2 40. Qa1 $2 (40. Rh1 c6
$17) 40... Rb3 {[%csl Rc3]} 41. Bxg7 (41. Ba5 Rbb2 $19) 41... Nxg7 $19 {
Weiß steht auf verlorenem Posten. Schwarz kann die kleinen Drohungen leicht
abwehren.Ribli.} 42. Ra8 Bc8 (42... Rb8 $2 43. Rg3 {[%csl Rg7]} Rcb2 44. Qxb2
$18) 43. Rg3 {[%csl Rg7]} Rbb2 44. Rb8 Rxe2+ 45. Kf1 Qh4 {[%csl Rf1] Weiß ist
machtlos gegen die vielseitigen Drohungen.Ribli.} 46. Rxc8+ Kh7 {Weiß kann das
drohende Matt nicht abwenden.} 0-1

[Event "Enghien les Bains 3rd"]
[Site "Enghien les Bains"]
[Date "1999.03.12"]
[Round "9"]
[White "Sadler, Matthew D"]
[Black "Beliavsky, Alexander G"]
[Result "1/2-1/2"]
[WhiteElo "2667"]
[BlackElo "2650"]
[Annotator "Ribli,Z"]
[PlyCount "63"]
[EventDate "1999.03.03"]
[EventType "tourn"]
[EventRounds "9"]
[EventCountry "FRA"]
[EventCategory "15"]
[SourceTitle "CBM 070"]
[Source "ChessBase"]
[SourceDate "1999.06.08"]
[SourceVersion "1"]
[SourceVersionDate "1999.06.08"]
[SourceQuality "1"]

{[%mdl 4100]} 1. c4 e5 2. Nc3 Nf6 3. Nf3 Nc6 4. e4 {Das ist eine seltene, aber
keineswegs harmlose Fortsetzung. Weiß verstärkt seine Kontrolle über das Feld
d5. Ribli.} Bc5 (4... Bb4) 5. Nxe5 Nxe5 6. d4 Bb4 7. dxe5 Nxe4 {Es scheint,
Schwarz hätte eine bequeme Stellung, aber im folgenden gewinnt Weiß ein
wichtiges Tempo und besonders seine Dame wird aktiv.} 8. Qd4 (8. Qd3 Nxc3 9.
bxc3 Ba5 $1 (9... Be7 10. Qg3 $16) 10. Ba3 Qg5 (10... d6 11. exd6 O-O 12. O-O-O
cxd6 13. Qxd6 Qxd6 14. Bxd6 {Das ist mit Zugumstellung die Partiefortsetzung.})
11. Qd4 $6 (11. g3 d6 (11... Qxe5+ 12. Kd2 {[%cal Ra1e1,Re1e8]}) 12. f4 Qg6 13.
O-O-O (13. Qe3 O-O $40) 13... Qxd3 (13... Bf5 14. Qe3 O-O 15. Be2 {[%cal Rg3g4]
}) 14. Rxd3 Bf5 (14... dxe5 15. Bg2 $1 {[%csl Re8][%cal Rh1e1,Re1e8]}) 15. Re3
Bb6 16. Re1 O-O-O 17. exd6 cxd6 18. Bg2 Be6 19. Bd5 Rhe8 $11) 11... d6 $1 12.
exd6 O-O 13. Be2 Re8 14. Kf1 cxd6 $44 15. Bxd6 Qg6 16. Rd1 Qc2 17. Qd2 Qxd2 {
1/2-1/2 Onischuk,A-Baklan,V/Bundesliga 1998 (17)}) (8. Qf3 Nxc3 9. bxc3 Ba5 10.
Ba3 d6 11. exd6 O-O 12. Rd1 cxd6 13. Be2 Re8 14. O-O Qe7 15. Rd2 Qe5 16. Rc1
Bc7 17. Bf1 Qg5 18. Rd5 Re5 19. Rcd1 Rxd5 20. Rxd5 Qe7 21. c5 dxc5 22. Bxc5 Qh4
23. g3 Qg4 24. Qe3 Be6 {1-0 Rohde,M-Dlugy,M/New York 1990/CBM 16 ext (36)})
8... Nxc3 9. bxc3 Ba5 (9... Be7 10. Qg4 O-O (10... g6 11. Bh6 d6 12. Qe4 (12.
Qf4 dxe5 13. Qxe5 f6 14. Qe3 Kf7 $13) (12. Qg3 Be6 13. Be2 Qd7 $13) 12... dxe5
(12... Qd7 13. Bd3 Qc6 (13... dxe5 14. O-O f6 15. f4 Qc6 16. Qxc6+ bxc6 17.
fxe5 f5 {0-1 Conquest,S-Khalifman,A/Hastings 1995/Inf 65/[Khalifman,A] (41)})
14. Qxc6+ bxc6 15. Be4 Kd7 16. O-O Ba6 17. Bd3 dxe5 18. Bg7 Rhe8 19. Bxe5 Bd6
20. Bd4 c5 21. Be3 f5 22. g3 Rab8 {1/2-1/2 McNab,C-Lobejko,R/Koszalin 1998/CBM
65 ext (22)}) 13. Rd1 Bd7 14. Be2 Qc8 15. c5 f6 16. Rxd7 Qxd7 17. Qxb7 Rc8 18.
Ba6 Bxc5 19. Qxc8+ Qxc8 20. Bxc8 Kf7 21. Bg4 {1-0 Reinderman-S. Ernst/
Hoogeveen VAM op, SW 1998 (27)}) (10... Kf8 $5 11. Qg3 d6 12. Be3 Bh4 $1 (12...
dxe5 13. Rd1 Bd7 (13... Qe8 14. Qxe5 $14) 14. Be2 $14) 13. Qf4 dxe5 14. Qxe5
Bf6 15. Bc5+ Kg8 16. Qe3 {Tarasenko,A-Pankratov,A/corr 1995/Inf 67/[Pankratov,
A] (18)}) 11. Bh6 g6 12. Bxf8 Bxf8 13. Qg3 d6 14. Be2 Qe8 15. O-O dxe5 16. Rfe1
Bg7 17. Rab1 Qe7 18. Qe3 c6 19. a4 Be6 20. Red1 Qc7 21. c5 {1-0 Reinderman,
D-Van Wely,L/Wijk aan Zee NED 1999 (36)}) 10. Ba3 {[%csl Re8][%cal Ga3f8]} d6 {
Das ist die theoretische Fortsetzung, aber die Alternative ist auch
interessant. Mit dem Partiezug opfert Schwarz einen Bauern, aber er kann ruhig
seine Entwicklung beenden.} (10... b6 $5 11. e6 Qf6 $11) 11. exd6 O-O 12. O-O-O
{12.dxc7?? wäre ein schwerer Fehler wegen 12...Qxd4.} cxd6 13. Qxd6 {Es ist
notwendig für Weiß, die Damen zu tauschen.} (13. Bxd6 Re8 $44) 13... Qxd6 14.
Bxd6 Re8 {[%csl Rc3][%cal Ra5c3]} 15. Kb2 (15. Bb4 Bc7) 15... Bd7 {[%cal Gd7c6,
Gc6h1]} 16. Bd3 Bc6 17. f3 $14 {Weiß besitzt einen Mehrbauern und die
Aktivität des Läufers c6 ist eingeschränkt. Anderseits hat Weiß Doppelbauern
in der c-Linie und die Verwertung des Materialvorteils ist sehr schwierig,
wenn überhaupt möglich. In der Stammpartie Kortschnoj,V - Huebner,R Solingen
1973 - siehe 19. schwarzer Zug - hatte Schwarz das Gleichgewicht, verlor aber
wegen späterer Fehler.} Re6 {Mit diesem Zug gewinnt Schwarz ein Tempo und kann
die Türme in der e-Linie verdoppeln.} 18. c5 (18. Bb4 Bc7 {[%cal Gc7h2]}) 18...
Rae8 {[%cal Ge8e1]} 19. Rd2 h5 $146 {Das ist die schwarze Neuerung! Er gewinnt
Raum am Königsflügel. Es ist interessant, daß nach 19.Zügen die gleiche
Stellung wie 26 Jahre früher entstanden ist! Die Frage ist, ob sich die
Theorie nicht weiterentwickelt hat, oder seinerzeit Kortchnoj und Huebner die
stärksten Züge spielten.} (19... g6 20. Bc4 Re3 21. Rc1 Rd8 $6 (21... Re1 $5)
22. Rd4 Kg7 23. Bd5 Bxd5 24. Rxd5 f5 25. Rd4 g5 26. f4 gxf4 27. Ra4 b6 28. Bxf4
Re6 29. cxb6 Bxb6 30. Rc4 {1-0 Kortschnoj,V-Huebner,R/Solingen 1973/MCL (66)})
20. h4 (20. Bc4 $5 Re1 $14 (20... Re3 21. Rc1 $14)) 20... g6 21. Bf4 Rd8 (21...
Kg7) (21... Re1 22. Rxe1 Rxe1 23. Bb8 a6 24. Bg3 $14) 22. Kb3 Ree8 {Schwarz
strebt nicht nach sofortiger Aktivität, sondern stabilisiert mit Wartezügen
die Stellung.} 23. Bc4 Rxd2 24. Bxd2 Bd8 $1 {[%cal Gd8h4] Der Läufer war auf
a5 überflüssig, wird daher von Schwarz auf eine neue Diagonale überführt.} 25.
Bf4 Be7 26. Bd6 Bf6 27. Bg3 Rd8 (27... Be7 28. Bf2 $14 {[%csl Gf2] Der weiße
Läufer verteidigt gleichzeitig die Bauern c5 und h4.}) 28. Re1 Rd2 $44 {
[%csl Gc6,Gd2,Gf6][%cal Gf6c3,Gf6h4] Schwarz hat gute Kompensation. Seine
Läufer stehen gut in den langen Diagonalen und verwehren dem Weißen die
Einbruchsfelder in der e-Linie.} 29. Re2 Rd1 (29... Rxe2 $6 30. Bxe2 $14) 30.
Re1 Rd2 31. Re2 Rd1 32. Be1 {Und hier wurde Remis vereinbart. Der weiße
Materialvorteil ist kaum verwertbar.} 1/2-1/2